00430nam a2200157Ia 4500003000400000005001700004008004100021020001800062040000900080082001700089100002400106245006100130260004500191300000900236650002700245OSt20201218144543.0190216s9999||||xx |||||||||||||| ||und|| a9781854710956 coclc a398.9bFER/T aFergusson, Rosalind 4aThe Penguin Dictionary Of Proverbs /cRosalind Fergusson bClarendon Press Oxford, c1983.aLondon: a331p aDictionary Of Proverbs